Every Guest on Kill Tony - Statistics

General Stats
  • This quiz has been taken 21 times
  • The average score is 15 of 138
Answer Stats
# of Appearances Guest % Correct
10 Shane Gillis
92%
10 Adam Ray
85%
12 Joe Rogan
69%
7 Mark Normand
69%
7 William Montgomery
69%
8 Ari Shaffir
62%
3 Kam Patterson
54%
1 Ari Matti
46%
3 Bert Kreischer
46%
4 David Lucas
38%
4 Hans Kim
38%
5 Sam Tallent
38%
1 Tom Segura
38%
2 Harland Williams
31%
3 Matt McCusker
31%
1 Matt Rife
31%
1 Post Malone
31%
1 Sal Vulcano
31%
1 Big Jay Oakerson
23%
1 Bobby Lee
23%
3 Dave Attell
23%
1 Joe DeRosa
23%
1 Jordan Peterson
23%
5 Luis J. Gomez
23%
1 Ric Flair
23%
2 Whitney Cummings
23%
1 Andrew Santino
15%
1 Casey Rocket
15%
1 Dan Soder
15%
1 David Spade
15%
2 H. Foley
15%
2 Jeff Ross
15%
3 Jim Norton
15%
5 Kim Congdon
15%
1 Nick Swardson
15%
3 Rich Vos
15%
8 Ron White
15%
1 Steve-O
15%
2 Theo Von
15%
2 Akaash Singh
8%
4 Brian Simpson
8%
2 Chris DiStefano
8%
2 Dave Smith
8%
1 David Jolly
8%
1 Esther Povitsky
8%
3 Greg Fitzsimmons
8%
1 Howie Mandel
8%
3 Ian Edwards
8%
4 Ian Fidance
8%
1 James McCann
8%
2 Jim Florentine
8%
2 Joe List
8%
2 Kevin Ryan
8%
4 Pauly Shore
8%
2 Roseanne
8%
1 Russell Peters
8%
1 Sam Morril
8%
4 Tim Dillon
8%
1 Tom Green
8%
1 Tony Hawk
8%
1 Tucker Carlson
8%
1 Tyler Fischer
8%
1 Aaron Berg
0%
3 Adam Eget
0%
1 Adrienne Iapalucci
0%
2 Alex Jones
0%
2 Ali Macofsky
0%
1 Ali Siddiq
0%
1 Annie Lederman
0%
1 Arielle Isaac Norman
0%
1 Benji Aflalo
0%
1 Brendon Walsh
0%
4 Brian Holtzman
0%
5 Brian Moses
0%
1 Chad Daniels
0%
1 Chris Faga
0%
1 Chris Tellez
0%
1 Christina Pazsitzky
0%
1 Daniel Van Kirk
0%
2 Danny Brown
0%
1 Deadmau5
0%
4 Deric Poston
0%
1 Dicey
0%
2 Dom Irrera
0%
1 Don Barris
0%
2 Doug Stanhope
0%
2 Duncan Trussell
0%
1 Dylan Sullivan
0%
1 Eddie Pepitone
0%
3 Ehsan Ahmad
0%
3 Eleanor Kerrigan
0%
3 Erik Griffin
0%
1 Fahim Anwar
0%
1 Freddie Gibbs
0%
1 Gary Clark Jr.
0%
1 George Perez
0%
1 Jade Catta-Preta
0%
1 Jake Shields
0%
3 Jamar Neighbors
0%
1 Jeff Dye
0%
1 Jessica Michelle Singleton
0%
2 Jessie Johnson
0%
1 Jimmy Shubert
0%
1 Josh Barnett
0%
1 Josh Martin
0%
1 Josh Wolf
0%
1 Joy Hinchcliffe
0%
1 JPEGMAFIA
0%
1 Justin Martindale
0%
1 Kirk Fox
0%
3 Kurt Metzger
0%
1 Kyle Dunnigan
0%
1 Louis Katz
0%
1 Luna Lucas
0%
1 Mary Lynn Rajskub
0%
1 Mat Edgar
0%
1 Matt Fulchiron
0%
1 Matthew Broussard
0%
1 Michael Lehrer
0%
1 Michael Yo
0%
2 Mike Feeney
0%
1 Mitch Burrow
0%
1 Monty Franklin
0%
2 Punkie Johnson
0%
1 Rachel Wolfson
0%
1 Ryan J. Ebelt
0%
2 Ryan Long
0%
1 Ryan Sickler
0%
3 Sarah Weinshenk
0%
1 Sean O'Malley
0%
1 Stavros Halkias
0%
3 Thai Rivera
0%
1 The Montgomery's
0%
2 Tom Papa
0%
1 Trevor Wallace
0%
1 Willie Hunter
0%
2 Yannis Pappas
0%
2 Zac Amico
0%
No matching quizzes found
Score Distribution
Percent of People with Each Score
Percentile by Number Answered
Your Score History
You have not taken this quiz